000 00642nam a2200241Ia 4500
003 OSt
005 20220918223603.0
006 a|||||r|||| 00| 0
007 ta
008 220917b |||||||| |||| 00| 0 eng d
024 _a224,089
037 _cTextual
040 _aARTS
_cARTS
_beng
041 _2eng
_aeng
082 _a2:(D65,8(B)):7, P3
100 _aKatz Bill
_97608
245 0 _aDigital refernce services
260 _aUSA
_bThe Haworth Information Press
_c2003
300 _axvii,331p.
_ccm.
650 _aLIBRARY SCIENCE
942 _h2:(D65,8(B)):7, P3
_cTEXL
_2CC
999 _c278927
_d278927